000 00770nam a2200193 a 4500
008 071102s2001 ||||||||||||||||| || u
020 _a0821349201
050 _aIBRD(06)HNP/2001/1
100 _aAoyama, Atsuko
245 1 0 _aReproductive health in the Middle East and North Africa: well-being for all
260 _aWashington, D. C.
_bWorld Bank
_c2001
300 _axxiv, 146p. :ill.
350 _a0.00
490 _aHealth, nutrition, and population
650 _aMATERNAL HEALTH SERVICES--MIDDLE EAST
650 _aREPRODUCTIVE HEALTH--MIDDLE EAST
650 _aREPRODUCTIVE HEALTH--AFRICA, NORTH
995 _D0.00
_FCBU-MAIN LIBRARY (Kitwe)
_H1
_I0.00
_M1
_UAVAILABLE
_WNov 2, 2007
_ZInternational Publications
999 _c56257
_d56257